000 00727nam a2200217 a 4500
001 000049211
003 DO-SdBNP
005 20221020085649.0
007 ta
008 190729s2003 dr 000 0 spa d
040 _aDO-SdBNP
_bspa
_cBNPHU
082 4 _222
245 0 0 _aNovedades de autores dominicanos.
260 _aSanto Domingo, República Dominicana :
_bLibrería la Trinitaria,
_c2003.
300 _a72 p. :
_bil. ;
_c26 cm.
500 _aCátalogo 2003-2004
505 0 _aNarrativa --
_tpoesía --
_tEnsayo --
_tEdiciones Librería--
_tLa Trinitaría --
_tCatálogo --
_tEditora Manatí --
590 _aInventariado, 2019/VM
710 2 _aLibrería la Trinitaria (República Dominicana)
_976518
942 _2ddc
_cLBS1
999 _c48699
_d48699